|
|
|
|
| LEADER |
00000nam a2200000 i 4500 |
| 001 |
DIGEDUFV0002 |
| 003 |
NyNyDIG |
| 006 |
m o d |
| 008 |
210118s2018 sp ob 000 0 spa d |
| 007 |
cr ||||||||||| |
| 035 |
|
|
|a (OCoLC)1232108769
|
| 040 |
|
|
|a DGITA
|b eng
|e rda
|e pn
|c DGITA
|
| 020 |
|
|
|a 9788416552948
|q edición digital
|q pdf
|
| 020 |
|
|
|a 8416552940
|q edición digital
|q pdf
|
| 020 |
|
|
|a 9788418360008
|q edición digital
|q ePub
|
| 020 |
|
|
|a 8418360003
|q edición digital
|q ePub
|
| 020 |
|
|
|z 9788416552931
|q edición papel
|
| 020 |
|
|
|z 8416552932
|q edición papel
|
| 041 |
1 |
|
|a spa
|h eng
|
| 050 |
1 |
4 |
|a BL240.3 ebook
|
| 082 |
0 |
4 |
|a 261.55
|
| 100 |
1 |
|
|a McGrath, Alister E.,
|d 1953-
|e author.
|
| 240 |
1 |
0 |
|a Surprised by meaning.
|l Spanish
|s (Hermoso Oliveras)
|
| 245 |
1 |
0 |
|a Cautivado por el sentido :
|b la ciencia, la fe y cómo tratamos de entender las cosas /
|c Alister E. McGrath ; traducción de Julio Hermoso.
|
| 250 |
|
|
|a Primera edición.
|
| 264 |
|
1 |
|a Madrid :
|b Universidad Francisco de Vitoria UFV :
|b Instituto John Henry Newman,
|c 2018.
|
| 300 |
|
|
|a 1 online resource.
|
| 336 |
|
|
|a text
|b txt
|2 rdacontent
|
| 337 |
|
|
|a computer
|b c
|2 rdamedia
|
| 338 |
|
|
|a online resource
|b cr
|2 rdacarrier
|
| 347 |
|
|
|a text file
|2 rdaft
|
| 347 |
|
|
|b PDF
|
| 347 |
|
|
|b EPUB
|
| 490 |
1 |
|
|a Colección Instituto John Henry Newman
|
| 504 |
|
|
|a Includes bibliographical references.
|
| 588 |
0 |
|
|a Online resource; title from PDF title page (Digitalia, viewed January 20, 2021)
|
| 650 |
|
0 |
|a Religion and science.
|
| 650 |
|
0 |
|a Meaning (Philosophy)
|x Religious aspects
|x Christianity.
|
| 655 |
|
0 |
|a Electronic books.
|
| 700 |
1 |
|
|a Hermoso Oliveras, Julio,
|e translator.
|
| 700 |
1 |
|
|i Translation of:
|a McGrath, Alister E.,
|d 1953-
|t Surprised by meaning.
|
| 710 |
2 |
|
|a Instituto John Henry Newman,
|e issuing body.
|
| 791 |
2 |
|
|a Digitalia (Firm),
|e distributor.
|
| 793 |
0 |
|
|g Digitalia eBook Collection:
|a Editorial Universidad Francisco de Vitoria
|
| 776 |
0 |
8 |
|i Print version:
|a McGrath, Alister E. 1953-
|s Surprised by meaning. Spanish (Hermoso Oliveras).
|t Cautivado por el sentido.
|b Primera edición.
|d Madrid : Universidad Francisco de Vitoria UFV : Instituto John Henry Newman, 2018
|z 9788416552931
|
| 830 |
|
0 |
|a Colección Instituto John Henry Newman ;
|v No. 10.
|
| 856 |
4 |
0 |
|3 Digitalia Hispánica
|u https://www.digitaliapublishing.com/a/61837/
|
| 910 |
|
|
|a Premium collection: 2021
|